Super Smash Bros Ultimate : Trophées Aide - Statistiques

Statistiques générales
  • Ce quiz a été pris 61 fois
  • Le résultat moyen est 28 sur 59
Statistiques - réponses
Série Trophée aide % Correct
Sonic the Hedgehog Shadow
94%
Bomberman Bomberman
84%
Super Mario Waluigi
84%
Sonic the Hedgehog Knuckles
78%
Shovel Knight Shovel Knight
78%
Pac-Man Fantômes
72%
Sheriff Shérif
72%
Star Fox Krystal
69%
Monster Hunter Rathalos
66%
Arms Spring Man
66%
Wario Ware Ashley
63%
Dillon Dillon
59%
Programme d'entraînement cérébral Dr. Kawashima
59%
Earthbound Jeff
59%
The Legendary Starfy Starfy
59%
Castlevania Alucard
53%
Street Fighter Guile
53%
The Legend of Zelda Lune
53%
Fire Emblem Lyn
53%
Fire Emblem Chevalier Noir
50%
Donkey Kong Klap Trap
50%
The Legend of Zelda Midona
50%
The Legend of Zelda Skull Kid
50%
Star Fox Andross
47%
Splatoon Calamazones
47%
Devil World Démon
47%
Art Academy Léo
47%
Metroid Mother Brain
47%
Boîte aux lettres Nintendo Nikki
47%
Super Mario Thwomp
47%
Golden Sun Vlad
47%
Mega Man Zero
47%
Animal Crossing Amiral
44%
Kirby Cauchemar
44%
Super Mario Frère Marto
44%
Kirby Knuckle Joe
44%
Metroid Métroïde
44%
Fire Emblem Tiki
44%
Virtua Fighter Akira
41%
Kirby Chef Kawasaki
41%
Xenoblade Chronicles Riki
41%
Metal Gear Gray Fox
38%
Joy Mech Fight Sukapon
38%
Super Mario Chomp
34%
Nintendo Badge Arcade Le lapin
34%
Kid Icarus Phosphora
34%
Bayonetta Rodin
34%
Earthbound Starman
34%
Mega Man Capsule Wily
31%
Nintendogs Chien Nintendogs
31%
SimCity Dr. Wright
31%
F-Zero Samuraï Goroh
31%
The Legend of Zelda Ghirahim
28%
Pikmin Snabrek Fouisseur
28%
The Mysterious Murasame Castle Takamaru
28%
Kaeru no Tame ni Kane wa Naru Prince de Sablé
25%
Color TV-Game Color TV-Game 15
22%
Super Mario Mouches & main
16%
Project Zero Yuri Kozukata
16%
Aucun quiz correspondant
Distribution des résultats
% des personnes avec chaque résultat
Percentile par nombre de réponses
Votre historique - résultats
Vous n’avez pas pris ce quiz